000 01492nam a2200301 a 4500
001 BRCA_2363
005 20190320203756.0
008 061108c1905----xxu#---###---#000-0#spa-u
041 _aspa
044 _axxu
084 _a004
_b.H57
_c1905 F1605
100 1 _aCervantes Saavedra, Miguel de
_d1547-1616
_9213
245 1 0 _aEl Ingenioso Hidalgo Don Quixote de la Mancha
_ccompuesto por Miguel de Cervantes Saavedra.
260 _aNueva York
_bThe Hispanic Society of America
_c1905
300 _a2 v.
_c24 cm.
500 _aContenido : v 1. Primera parte. Dedicatoria del autor al Duque de Béjar. Prólogo del autor. Versos preliminares. Texto
500 _aFacsímil de : El ingenioso hidalgo Don Quixote de la Mancha. Madrid: Juan de la Cuesta, 1605
500 _aFacsímil de la primera parte de la edición príncipe. Elaborado por The Hispanic Society of America, cuyo sello está grabado en la cubierta, en Nueva York, el año de 1905. Lindo ejemplar, encuadernado en pergamino; este ejemplar lleva el número 107 Lúdovik Osterc
500 _aExistencias : Se complementa con el LO-026. Ejemplar 107 de 200
500 _aQMR116 (?)
650 1 4 _aNovela española
_yÉpoca clásica, 1500-1700
_9215
650 1 4 _aLiteratura española
_yÉpoca clásica, 1500-1700
_9216
650 1 4 _aNovela española
_ySiglo XVII
_9217
650 1 4 _aDon Quijote (Personaje ficticio)
_eNovela
_9218
740 0 _aEl Ingenioso Hidalgo Don Quijote de la Mancha
902 _aQFM
942 _2lcc
_cB
999 _c2104
_d2104